LEADER 01313nam a2200277 i 4500 001 991001999319707536 005 20020508184816.0 008 960614s1983 it ||| | ita 035 $ab10944424-39ule_inst 035 $aPARLA152666$9ExL 040 $aDip.to scienze storiche$bita 100 1 $aCarlesi, Ada$0108702 245 12$aL'apertura dell'industria ai mercati internazionali :$btendenze e problemi nei settori del mobile, della carta e delle macchine per il legno /$cAda Carlesi, Riccardo Lanzara, Roberto Sbrana ; introduzione di Riccardo Varaldo 260 $aMilano :$bAngeli,$c1983 300 $a184 p. ;$c22 cm. 490 0 $aCollana di economia e politica industriale ;$v23 650 4$aIndustria - Commercio internazionale 650 4$aMobilifici - Commercio estero 700 1 $aLanzara, Riccardo$eauthor$4http://id.loc.gov/vocabulary/relators/aut$0107611 700 1 $aSbrana, Roberto$eauthor$4http://id.loc.gov/vocabulary/relators/aut$0108406 907 $a.b10944424$b23-02-17$c28-06-02 912 $a991001999319707536 945 $aLE009 STOR.88.9-141$g1$i2009000050518$lle009$o-$pE0.00$q-$rl$s- $t0$u0$v0$w0$x0$y.i11051590$z28-06-02 996 $aApertura dell'industria ai mercati internazionali$935208 997 $aUNISALENTO 998 $ale009$b01-01-96$cm$da $e-$fita$git $h2$i1